The Second Economy in Funeral Services (Record no. 238)
[ view plain ]
| 000 -LEADER | |
|---|---|
| fixed length control field | 00551nam a22002177i 4500 |
| 001 - CONTROL NUMBER | |
| control field | 240 |
| 003 - CONTROL NUMBER IDENTIFIER | |
| control field | OSt |
| 005 - DATE AND TIME OF LATEST TRANSACTION | |
| control field | 20170126082241.0 |
| 007 - PHYSICAL DESCRIPTION FIXED FIELD--GENERAL INFORMATION | |
| fixed length control field | tu |
| 008 - FIXED-LENGTH DATA ELEMENTS--GENERAL INFORMATION | |
| fixed length control field | 161220s1992 xxu||||| |||| 00| 0 d |
| 024 7# - OTHER STANDARD IDENTIFIER | |
| Standard number or code | 239 |
| Source of number or code | RID |
| 040 ## - CATALOGING SOURCE | |
| Transcribing agency | OSt |
| 084 ## - OTHER CLASSIFICATION NUMBER | |
| Classification number | 15.56 |
| -- | 8.24 |
| Number source | z |
| 100 1# - MAIN ENTRY--PERSONAL NAME | |
| Personal name | Neuhauser, Kimberly |
| 245 00 - TITLE STATEMENT | |
| Title | The Second Economy in Funeral Services |
| 260 ## - PUBLICATION, DISTRIBUTION, ETC. | |
| Place of publication, distribution, etc. | Berkeley : |
| Name of publisher, distributor, etc. | WEFA Group, |
| Date of publication, distribution, etc. | 1992. |
| 300 ## - PHYSICAL DESCRIPTION | |
| Extent | 47 S. ; |
| Dimensions | 30cm. |
| 490 ## - SERIES STATEMENT | |
| Series statement | Berkeley-Duke Occasional Papers on the Second Economy |
| Volume/sequential designation | 35 |
| 651 ## - SUBJECT ADDED ENTRY--GEOGRAPHIC NAME | |
| Geographic name | Soviet Union |
| 700 1# - ADDED ENTRY--PERSONAL NAME | |
| Personal name | Neuhauser, C. |
| 942 ## - ADDED ENTRY ELEMENTS (KOHA) | |
| Koha item type | Book |
| Withdrawn status | Lost status | Damaged status | Not for loan | Home library | Current library | Shelving location | Date acquired | Inventory number | Total Checkouts | Full call number | Barcode | Date last seen | Price effective from | Koha item type |
|---|---|---|---|---|---|---|---|---|---|---|---|---|---|---|
| WIIW | WIIW | Souterrain | 05/20/1992 | 240 | II-4.280/35 | 300238 | 01/26/2017 | 01/26/2017 | Book |
